| 000 | 00490nam a2200181Ia 4500 | ||
|---|---|---|---|
| 003 | GCL | ||
| 008 | 140319s9999 xx 000 0 eng d | ||
| 040 |
_aGCL / _cGCL |
||
| 082 | 0 | 4 |
_a658.83 _bH E |
| 100 | 1 | _aTULL, DONALD S. | |
| 245 | 1 | 0 |
_aESSENTIALS OF MARKETING RESEARCH / _cTULL, DONALD S. |
| 700 | 1 | _aHAWKINS, DEL I. | |
| 260 |
_a[S.N] : _bMACMILLAN PUBLISHING COMPANY ، _c1993 |
||
| 300 | _a570 P | ||
| 650 | 0 | 4 | _aCASE STUDIES |
| 650 | 0 | 4 | _aMARKETING - RESEARCH |
| 942 |
_2ddc _cBK |
||
| 999 |
_c20499 _d20499 |
||